Statistics for Word Chain - The Simpsons

Click here to take the quiz!

General Stats

  • This quiz has been taken 26,522 times
  • The average score is 19 of 26

Answer Stats

HintAnswer% Correct
Husband of MargeHomer
99%
Color of the Simpsons' skinYellow
95%
Sibling of Bart and MaggieLisa
94%
Type of power plant Homer works forNuclear
89%
Itchy's victimScratchy
89%
"Eat my ______"Shorts
88%
Tavern ownerMoe
86%
Homer sold his soul for this tasty treatDonut
85%
Opposite of "woo-hoo"D'oh
84%
Least intelligent classmate of LisaRalph
81%
Mr. Burns's assistantSmithers
81%
Bully who says "Ha-Ha"Nelson
79%
Springfield's police chiefWiggum
76%
Halloween special: ______ of HorrorTreehouse
70%
First name of Ms. KrabappelEdna
69%
Carl's best friendLenny
69%
Lovejoy's titleReverend
64%
Real-life state whose capital is SpringfieldIllinois
63%
Sherri's twin sisterTerri
63%
Kang or Kodos, for exampleAlien
59%
Bart won this type of animal in a radio contestElephant
59%
Radioactive Man's catchphrase: "Up and ____"Atom
54%
First name of Mr. MolemanHans
51%
Cletus the slack-jawed _____Yokel
49%
You don't win friends with this
vegetarian dish
Salad
43%
What put Ogdenville and
North Haverbrook on the map
Monorail
39%

Score Distribution

Percentile by Number Answered

Percent of People with Each Score

Your Score History

You have not taken this quiz